| 000 | 00644nam a2200169 a 4500 | ||
|---|---|---|---|
| 008 | 120416s1999 ||||||||||||||||| || u | ||
| 020 | _a0782124909 | ||
| 050 | _aQA 76.73.A65 GRO | ||
| 100 | _aGroth, David | ||
| 245 | 1 | 0 | _aA+ complete study guide |
| 260 |
_aSan Francisco _bSybex _c1999 |
||
| 300 | _axxxviii, 1062p. : ill. | ||
| 350 | _a0.00 | ||
| 650 | _aELECTRONICS--DATA PROCESSING PERSONNEL--CERTIFICATION | ||
| 650 | _aCOMPUTER TECHNICIANS--CERTIFICATION--STUDY GUIDES | ||
| 995 |
_D0.00 _FCBU-MAIN LIBRARY (Kitwe) _H1 _I65.00 _M1 _UAVAILABLE _ZMain Library Open Access Collection |
||
| 999 |
_c33156 _d33156 |
||